Obálka Náhled e-knihy:
PDF Epub
Pro půjčování e-knih musíte být přihlášeni.
Jak si půjčit online?

Kulti /

Příběh ze světa ženského fotbalu o trenérovi, který si nevidí na špičku nosu, a jeho svěřenkyni, kterou jeho chování sice pobuřuje, ale své zamilovanosti k němu se nedokáže zbavit.

Uloženo v:
Hlavní autor: Zapata, Mariana (Autor)
Další autoři: Bičíková, Romana, 1986- (Autor)
Médium: E-kniha
Jazyk:Czech
Vydáno: Praha : Fragment, 2019
Vydání:1. vydání
Témata:
Tagy:
Žádné tagy
LEADER 02771nam a2200445 i 4500
001 311017
003 CZ PrSKC
005 20260601215658.0
007 ta
008 190226s2019 xr g 000 f cze
015 |a cnb003079041 
020 |a 9788025340523  |q (brožováno) :  |c Kč 369,00 
035 |a (OCoLC)1104143271 
040 |a BOA001  |b cze  |e rda 
041 1 |a cze  |h eng 
072 7 |a 821.111(73)-3  |x Americká próza  |2 Konspekt 
080 |a 821.111(73)-31  |2 MRF 
080 |a (0:82-312.5)  |2 MRF 
100 1 |a Zapata, Mariana  |7 xx0233025  |4 aut 
240 1 0 |a Kulti.  |l Česky 
245 1 0 |a Kulti /  |c Mariana Zapata ; z anglického originálu Kulti ... přeložila Romana Bičíková 
250 |a 1. vydání 
264 1 |a Praha :  |b Fragment,  |c 2019 
300 |a 511 stran ;  |c 21 cm 
336 |a text  |b txt  |2 rdacontent 
337 |a bez média  |b n  |2 rdamedia 
338 |a svazek  |b nc  |2 rdacarrier 
520 2 |a Příběh ze světa ženského fotbalu o trenérovi, který si nevidí na špičku nosu, a jeho svěřenkyni, kterou jeho chování sice pobuřuje, ale své zamilovanosti k němu se nedokáže zbavit.  |b Salomé Casillasová chtěla být od sedmi let profesionální fotbalistkou, k čemuž ji motivoval jeden z nejznámějších hráčů světa, Reiner Kulti. Byl jejím idolem a ona všude rozhlašovala, že až bude velká, bude ji trénovat a jednoho dne se za něj provdá. Že sny se mohou plnit, ne však tak ideálně, jak si děti představují, si Sal zažívá na vlastní kůži. Reiner Kulti je jednoho dne skutečně přidělen jejímu družstvu jako trenér. Jak už to tak ale bývá, hvězda světového fotbalu se nechová zrovna vstřícně. Naopak - Kulti je namyšlený, protivný a hrubý. Prvotní Salino nadšené očekávání je těžce zklamáno. Avšak je to opět jen Sal, která má sílu vzdorovat - a nastavuje mu zrcadlo. Vzájemná nevraživost se pomalu proměňuje v sympatie, které začínají přerůstat v něco víc... 
546 |a Český text 
655 7 |a americké romány  |7 fd131796  |2 czenas 
655 7 |a milostné romány  |7 fd132840  |2 czenas 
655 9 |a American fiction  |2 eczenas 
655 9 |a love novels  |2 eczenas 
700 1 |a Bičíková, Romana,  |d 1986-  |7 xx0161614  |4 trl 
900 |a ABA001  |b 20 
928 9 |a Albatros Media - Fragment 
044 |a xr 
910 |a RBIT002 
998 |d 184094  |a https://core.palmknihy.cz/api/books/184094/cover?slxycr  |b https://core.palmknihy.cz/api/books/184094/cover/400?slxycr  |c https://core.palmknihy.cz/api/books/184094/cover/50?slxycr  |e 2028-03-03  |g 512  |i 9788025340523  |j https://core.palmknihy.cz/api/books/184094/preview.epub  |k https://core.palmknihy.cz/api/books/184094/preview.pdf  |l   |q 49  |r 1  |s https://www.palmknihy.cz/kniha/184094  |t ebook  |y 2019  |z 0 
999 |d 311015